Movies Quiz

Random Movies or Role Quiz

Name the Actor from their Roles Quiz Stats

 Plays Quiz not verified by Sporcle

Challenge
Share
Tweet
Embed
Score 0/20 Timer 08:00
0 Plays Today
Roles Actor % Correct
Princess Fiona, Natalie Cook, Christina PagniacciCameron Diaz
92.9%
Muhammad Ali, Chris Gardner, Agent JayWill Smith
91.6%
Van Wilder, Chris Brander, Andrew PaxtonRyan Reynolds
85.5%
Peter La Fleur, Wes Mantooth, Jeremy GreyVince Vaughn
78.8%
Chester Greenburg, Steve Stifler, Bo DukeSean William Scott
72.3%
Ebby Calvin 'Nuke' LaLoosh, Andy Dufresne, Dave BoyleTim Robbins
65%
Hansel, John Grogan, John BeckwithOwen Wilson
64.6%
Regina George, Allie Hamilton, Claire ClearyRachel McAdams
64.3%
Mays Gilliam, Osmosis Jones, CaretakerChris Rock
60.1%
Herman Boone, Frank Lucas, Walter GarberDenzel Washington
58.5%
Roles Actor % Correct
Phil Wenneck, Lt. Templeton 'Faceman' Peck, Zachary 'Sack' LodgeBradley Cooper
53.4%
Annie Porter, Gracie Hart, Leigh Anne TuohySandra Bullock
53.4%
Ben Stone, Officer Michaels, Ira WrightSeth Rogen
47.6%
Dewey Finn, Lance Brumder, Jeff PortnoyJack Black
41.5%
Gwen Pearson, Vicky Lathum, Bunny LebowskiTara Reid
39.9%
Lucy Whitmore, Dylan Sanders, Karen PomeroyDrew Barrymore
29.6%
Stan Ross, Frank Catton, Jimmy BosleyBernie Mac
29.3%
Boobie Miles, Bobby Joe Hill, Sean 'Puffy' CombsDerek Luke
19%
Henry Rowengartner, Kevin Myers, Calvin FullerThomas Ian Nicholas
18.3%
Kate Veatch, Matilda Jeffries, Lindsey JonesChristine Taylor
12.2%

You're not logged in!

Compare scores with friends on all Sporcle quizzes.
Join for Free
OR
Log In

You Might Also Like...

Show Comments

Extras

Created Jun 22, 2010ReportNominate
Tags:Actor Quiz, Role Quiz

Top Quizzes Today


Score Distribution

Your Account Isn't Verified!

In order to create a playlist on Sporcle, you need to verify the email address you used during registration. Go to your Sporcle Settings to finish the process.

Report this User

Report this user for behavior that violates our Community Guidelines.

Details: